000 01086nam a2200241Ia 4500
003 OSt
005 20210417150234.0
008 210310s2013 cl gr 000 0 spa d
040 _aCO-JMCR
_cCO-JMCR
041 0 _aspa
082 0 4 _a336.20128 /
_bC733p
_223
110 2 _aComisión Económica para América Latina y el Caribe CEPAL
_92893
245 1 0 _aPanorama fiscal de América Latina y el Caribe :
_breformas tributarias y renovación del pacto fiscal /
_cComisión Económica para América Latina y el Caribe CEPAL
260 _aSantiago de Chile :
_bCEPAL,
_c2013
300 _b53 páginas ;
_c28 cm.
500 _aIncluye notas a pie de página.
504 _aBibliografía: páginas 50-53
505 0 _aPrincipales rasgos de la tributación en América Latina y el Caribe -- La búsqueda de la reciprocidad como fundamento político de las reformas tributarias en América Latina y el Caribe
650 1 4 _aReforma tributaria
_914949
_zAmérica Latina
650 2 4 _aPolítica fiscal
_zAmérica Latina
_96791
650 2 4 _aImpuestos
_zAmérica Latina
_936929
942 _2ddc
_cBK
999 _c7615
_d7615